Compendio Laboral 2017 Tomo II

Detalles Bibliográficos
Autor principal: Přez Chv̀ez, Još
Otros Autores: Fol Olgun̕, Raymundo
Formato: eBook
Lenguaje:español
Publicado: Mexico DF: Tax Editores, 2017
Materias:
Acceso en línea:Acceso restringido

MARC

LEADER 00000nam a22000007a 4500
005 20170616013150.0
007 cr|||| ||||
008 170616s2017 mx |||||s|||| 00||0 spa d
020 |a 978-607-629-024-8 
035 |a 20355 
040 |a vLex 
090 |c 6777  |d 6777 
100 1 |a Přez Chv̀ez, Još 
245 1 0 |a Compendio Laboral 2017  |h [Recurso electrn̤ico] /  |c Jos ̌Přez Chv̀ez, Raymundo Fol Olgun̕  |n Tomo II 
256 |a Servicio en ln̕ea 
260 |a Mexico DF:  |b Tax Editores,  |c 2017 
300 |a 1 recurso electrn̤ico 
506 1 |a Disponible solo en los productos indicados  |d vLex Global  |d vLex Global (Academic Edition, excluding Law Schools)  |d vLex Global (U.S. Academic Edition, Law Schools)  |d vLex Global (U.S. Academic Edition, excluding Law Schools)  |d vLex Global (Academic Edition, Law Schools) 
650 0 4 |a Derecho Laboral y Seguridad Social  |z Mx̌ico 
700 1 |a Fol Olgun̕, Raymundo 
740 0 |a vLex Libros (Servicio en ln̕ea) 
856 4 0 |u http://vlex.com/source/compendio-laboral-2017-tomo-ii-20355  |z Acceso restringido 
942 |c BOOK 
999 0 |a Labor law and social security